| 000 | 00728nam a2200217 i 4500 | ||
|---|---|---|---|
| 001 | 110264 | ||
| 003 | ES-MaACL | ||
| 005 | 20250809035219.0 | ||
| 007 | t| | ||
| 008 | 061121m19851986sp r ||||1| spa d | ||
| 020 | _a84-86274-01-X | ||
| 100 | 1 |
_aToledo y Ubieto, Emilio Octavio de. _986509 |
|
| 245 | 1 | 0 |
_aDerecho penal _b: parte general / _cEmilio Octavio de Toledo y Ubieto, Susana Huerta Tocildo. |
| 260 |
_aMadrid : _bRafael Castellanos, _c1985-1986. |
||
| 300 |
_a2 v. ; _c24 cm. |
||
| 505 | 8 | _aContiene: 1. Teoría Jurídica del Delito (2 v.) | |
| 650 | 0 | 4 |
_aDerecho penal- _zEspaña _911752 |
| 700 | 1 |
_aHuerta Tocildo, Susana. _964567 |
|
| 852 |
_aES-MaACL _jP-245 _bR.108765 |
||
| 999 |
_c110264 _d110264 |
||